000 00939nam a2200253 i 4500
001 bg
100 1 _aPAZDRO, Ksenia
245 1 0 _aOszacowanie narażenia organizmów w morskich ekosystemach przybrzeżnych na ksenobiotyki z grup trwałych zanieczyszczeń organicznych (TZO) /
_cKsenia Pazdro.
260 _aSopot :
_bInstytut Oceanologii PAN,
_c2007.
300 _a195 s. :
_brys., wykr. ;
_c24 cm.
490 1 _aRozprawy i Monografie / Polska Akademia Nauk. Instytut Oceanologii w Sopocie,
_x0866-9988 ;
_v20
500 _aStreszcz ang.
504 _aBibliogr.
650 9 _aMorze
_xekologia
650 9 _aKsenobiotyki
_xbadanie
830 0 _aRozprawy i Monografie (Polska Akademia Nauk. Instytut Oceanologii w Sopocie) ;
_v20
020 _a9788392155232
040 _cBPK
041 0 _apol
_beng
080 _a574.5(26):577.15:504.5
920 _a978-83-921552-3-2
942 _cKS
008 s pl f |000 0 pol
999 _c53713
_d53713
856 _uhttp://koha.tu.koszalin.pl/cgi-bin/koha/opac-detail.pl?biblionumber=53713
_yKatalog online BPK